00349nam a2200145Ia 4500008004100000082001500041100001500056245003200071250000800103260003100111300000800142500002400150650001200174700001700186230524s9999 xx 000 0 und d a539.7bPAN aM.L.Pandya 0aElements of Nuclear Physics a7TH aNEW DELHIbKedarnathc2004 a607 aQuantity Number: 5 aPhysics a R.P.S.Yadav